| 000 | 00000nam 2200000zi 4500 |
| 001 | 9.937695 |
| 003 | CaOODSP |
| 005 | 20240724150000 |
| 006 | m o d f |
| 007 | cr mn||||||||| |
| 008 | 240502e202406 oncbd obs f000 0 fre d |
| 020 | |a9780660717371 |
| 040 | |aCaOODSP|bfre|erda|cCaOODSP |
| 043 | |an-cn--- |
| 086 | 1 |aHP40-287/2024F-PDF |
| 245 | 00|aRapport sommaire épidémiologique : |béclosion de la mpox au Canada en 2022-2023. |
| 264 | 1|aOttawa (Ontario) : |bAgence de la santé publique du Canada = Public Health Agency of Canada, |cjuin 2024. |
| 264 | 4|c©2024 |
| 300 | |a1 ressource en ligne (iii, 11 pages) : |bgraphiques, carte |
| 336 | |atexte|btxt|2rdacontent/fre |
| 337 | |ainformatique|bc|2rdamedia/fre |
| 338 | |aressource en ligne|bcr|2rdacarrier/fre |
| 500 | |aTitre de la couverture. |
| 500 | |aPublié aussi en anglais sous le titre : Epidemiological summary report: 2022-23 mpox outbreak in Canada. |
| 500 | |a« Pub. : 240144. » |
| 504 | |aComprend des références bibliographiques (page 11). |
| 650 | 6|aOrthopoxvirose simienne chez l'humain|zCanada|vStatistiques. |
| 655 | 7|aStatistiques|2rvmgf |
| 710 | 2 |aAgence de santé publique du Canada, |eorganisme de publication. |
| 775 | 08|tEpidemiological summary report : |w(CaOODSP)9.937694 |
| 856 | 40|qPDF|s597 Ko|uhttps://publications.gc.ca/collections/collection_2024/aspc-phac/HP40-287-2024-fra.pdf |
| 856 | 4 |qHTML|sS.O.|uhttps://www.canada.ca/fr/sante-publique/services/publications/maladies-et-affections/resume-epidemiologique-eclosion-canadienne-mpox-2022-23.html |